| 000 | 00898cam a22002891 4500 | ||
|---|---|---|---|
| 001 | 31675 | ||
| 003 | BD-RjUL | ||
| 005 | 20211209051732.0 | ||
| 008 | 140421s1956 ilu b 000 0 eng d | ||
| 035 | _a(DLC) 56011157 | ||
| 035 | _a(OCoLC)529096 | ||
| 035 | _a(BD-RjUL)31763 | ||
| 040 |
_aDLC _cOAU _dOCoLC _dBD-RjUL _beng |
||
| 041 | _aeng | ||
| 082 |
_a157.072 _bLIE 1956 |
||
| 100 | 1 |
_aLiddell, H. S. _q(Howard Scott), _d1895- _996391 |
|
| 245 | 1 | 0 | _aEmotional hazards in animals and man / |
| 260 |
_aSpringfield, Ill. : _bC.C. Thomas, _c1956. |
||
| 300 |
_axi, 97 p. ; _c23 cm. |
||
| 490 | 0 | _aAmerican lecture series, publication no. 299. A monograph in American lectures in objective psychiatry | |
| 504 | _aIncludes bibliography. | ||
| 650 | 0 |
_aEmotions. _996392 |
|
| 650 | 0 |
_aPsychology, Comparative. _95510 |
|
| 942 |
_2ddc _cBK |
||
| 999 |
_c31675 _d31675 |
||